[Event "17. European Women's Championship 2016"]
[Site "Mamaia ROU"]
[Date "2016.06.06"]
[Round "10.26"]
[White "Rakhmangulova, Anastasiya"]
[Black "Kazimova, Narmin"]
[Result "0-1"]
[WhiteElo "2245"]
[BlackElo "2364"]
[PlyCount "138"]
[EventDate "2016.05.27"]
[EventType "swiss"]
[EventRounds "11"]
[EventCountry "ROU"]
[Source "lmi"]
[SourceDate "2016.05.26"]

1. e4 e5 2. Nf3 Nc6 3. Bc4 Bc5 4. c3 Nf6 5. d4 exd4 6. cxd4 Bb4+ 7. Nc3 Nxe4 8.
O-O Bxc3 9. d5 Ne5 10. bxc3 Nxc4 11. Qd4 O-O 12. Qxe4 Nd6 13. Qd3 b6 14. Bg5 f6
15. Bf4 a5 16. Bxd6 cxd6 17. a4 Ba6 18. c4 Rc8 19. Rac1 Qc7 20. Nd2 Qc5 21.
Rfe1 Qb4 22. Re7 Rfe8 23. Rxe8+ Rxe8 24. h3 Qxa4 25. Rb1 Rc8 26. Rxb6 Bxc4 27.
Nxc4 Rxc4 28. Rb8+ Kf7 29. Kh2 Qc2 30. Qg3 Qc3 31. Qxd6 Qe5+ 32. Qxe5 fxe5 33.
Rb5 a4 34. Ra5 Ke7 35. Kg3 Kd6 36. Kf3 Rd4 37. Ke3 h5 38. g3 h4 39. f4 hxg3 40.
fxe5+ Kxe5 41. d6+ Rd5 42. Rxa4 Kf6 43. Kf3 Rg5 44. Kg2 Ke6 45. Ra6 Rg6 46. Ra5
Rf6 47. Rg5 g6 48. Kxg3 Kxd6 49. Kg4 Ke6 50. Ra5 Rf5 51. Ra6+ d6 52. h4 Ke5 53.
Rb6 Rf1 54. Rb8 d5 55. Re8+ Kd4 56. Kg5 Rg1+ 57. Kf4 Rh1 58. Kg5 Kd3 59. Rh8
Rg1+ 60. Kf4 d4 61. Kf3 Rf1+ 62. Kg2 Rf7 63. Rh6 Rg7 64. Kf3 Kc2 65. h5 d3 66.
Rh8 gxh5 67. Rxh5 Rc7 68. Ra5 d2 69. Ra2+ Kc1 0-1

[Event "17. European Women's Championship 2016"]
[Site "Mamaia ROU"]
[Date "2016.06.06"]
[Round "10.27"]
[White "Buksa, Nataliya"]
[Black "Babiy, Olga"]
[Result "0-1"]
[WhiteElo "2288"]
[BlackElo "2337"]
[PlyCount "142"]
[EventDate "2016.05.27"]
[EventType "swiss"]
[EventRounds "11"]
[EventCountry "ROU"]
[Source "lmi"]
[SourceDate "2016.05.26"]

1. e4 c5 2. Nf3 e6 3. d4 cxd4 4. Nxd4 Nc6 5. c4 Nf6 6. Nc3 Bb4 7. Nxc6 bxc6 8.
Bd3 e5 9. O-O Bc5 10. Qf3 d6 11. Be3 Bxe3 12. Qxe3 Qb6 13. b3 Qxe3 14. fxe3 Be6
15. Rac1 Ke7 16. Be2 a5 17. Bf3 g5 18. g3 g4 19. Bg2 Nd7 20. Nd5+ Kd8 21. a3
Nc5 22. b4 Na4 23. c5 Rb8 24. Nc3 Nb2 25. cxd6 axb4 26. axb4 Rxb4 27. Ra1 Kd7
28. Nd5 Rb7 29. Nc7 Kxd6 30. Nxe6 Kxe6 31. Rfc1 Rb6 32. Bf1 Rd8 33. Be2 h5 34.
Rc2 Rdb8 35. Ra5 f6 36. Kg2 Rd8 37. Ra6 Rxa6 38. Bxa6 Nd1 39. Rxc6+ Kf7 40. Kf1
Nxe3+ 41. Ke2 Ng2 42. Bc4+ Kg6 43. Be6 Kg5 44. h4+ Nxh4 45. gxh4+ Kxh4 46. Rc7
Rd6 47. Bf5 Ra6 48. Rg7 Ra2+ 49. Ke3 Ra3+ 50. Ke2 Ra2+ 51. Ke3 Ra3+ 52. Ke2 Rf3
53. Rg6 Kg3 54. Rxf6 Rf2+ 55. Kd3 h4 56. Rg6 Rf4 57. Kc4 h3 58. Kd5 h2 59. Rh6
Rf1 60. Bxg4 h1=Q 61. Rxh1 Rxh1 62. Bc8 Kf4 63. Bb7 Re1 64. Kc4 Rxe4+ 65. Kd3
Ra4 66. Bc8 e4+ 67. Ke2 Ra2+ 68. Ke1 Ke3 69. Bg4 Ra1+ 70. Bd1 Rb1 71. Kf1 Rxd1+
0-1

[Event "17. European Women's Championship 2016"]
[Site "Mamaia ROU"]
[Date "2016.06.06"]
[Round "10.28"]
[White "Manakova, Maria"]
[Black "Cosma, Elena-Luminita"]
[Result "1-0"]
[WhiteElo "2254"]
[BlackElo "2333"]
[PlyCount "133"]
[EventDate "2016.05.27"]
[EventType "swiss"]
[EventRounds "11"]
[EventCountry "ROU"]
[Source "lmi"]
[SourceDate "2016.05.26"]

1. e4 e6 2. d4 d5 3. Nc3 Nf6 4. e5 Nfd7 5. f4 c5 6. Nf3 Nc6 7. Be3 a6 8. Qd2 b5
9. h4 cxd4 10. Nxd4 Nxd4 11. Bxd4 b4 12. Nd1 a5 13. Ne3 Bc5 14. h5 h6 15. O-O-O
Bxd4 16. Qxd4 Qb6 17. Qxb6 Nxb6 18. g4 Bb7 19. Rd4 Ke7 20. g5 g6 21. hxg6 hxg5
22. Rg1 fxg6 23. Rxg5 Rag8 24. b3 Bc6 25. Kb2 Be8 26. a3 bxa3+ 27. Kxa3 Bf7 28.
Rd2 Rh4 29. Rf2 Rgh8 30. Bd3 Rh3 31. Ng2 R8h6 32. Ne1 R3h4 33. Rg3 Rh3 34. Rfg2
Rxg3 35. Rxg3 Be8 36. Nf3 Bf7 37. Rg4 Be8 38. Nh4 Nd7 39. Nxg6+ Kd8 40. Nh4 Nc5
41. f5 Nd7 42. Nf3 exf5 43. Bxf5 Rh5 44. Rf4 Ke7 45. Bg4 Rh1 46. Rd4 Bf7 47.
Bxd7 Kxd7 48. c4 Kc6 49. Ng5 Bg8 50. e6 dxc4 51. e7 Re1 52. Ne4 Bf7 53. bxc4
Be8 54. Kb3 Kc7 55. Kc3 Bc6 56. Kd2 Rh1 57. Rd8 a4 58. Nc3 Rh2+ 59. Ke3 Rh3+
60. Kd4 Rh4+ 61. Kc5 a3 62. Ra8 Rh1 63. Rxa3 Re1 64. Nd5+ Bxd5 65. cxd5 Rc1+
66. Kd4 Re1 67. Re3 1-0

[Event "17. European Women's Championship 2016"]
[Site "Mamaia ROU"]
[Date "2016.06.06"]
[Round "10.29"]
[White "Drozdova, Dina"]
[Black "Mammadova, Gulnar"]
[Result "1/2-1/2"]
[WhiteElo "2235"]
[BlackElo "2319"]
[PlyCount "96"]
[EventDate "2016.05.27"]
[EventType "swiss"]
[EventRounds "11"]
[EventCountry "ROU"]
[Source "lmi"]
[SourceDate "2016.05.26"]

1. d4 d6 2. e4 Nf6 3. f3 e5 4. dxe5 dxe5 5. Qxd8+ Kxd8 6. Bc4 Be6 7. Bxe6 fxe6
8. Be3 Nc6 9. Nc3 Bb4 10. O-O-O+ Ke7 11. Na4 b6 12. Ne2 Na5 13. c3 Bd6 14. b3
c5 15. Rd2 c4 16. b4 Nb7 17. Rhd1 b5 18. Nb2 a5 19. a3 axb4 20. axb4 Ra3 21.
Bg5 h6 22. Bh4 g5 23. Bg3 Rd8 24. Kc2 Nh5 25. Bf2 Rc8 26. Bc5 Ra6 27. Bf2 Ra3
28. Bc5 Rc6 29. h4 gxh4 30. Bxd6+ Nxd6 31. Rh1 Nf7 32. Rxh4 Nf6 33. Ng3 Ra1 34.
Rd1 Ra8 35. Nh5 Rg8 36. Rd2 Ra6 37. Nxf6 Kxf6 38. Rf2 Rg3 39. Rh1 Ra8 40. Nd1
Ke7 41. Rd2 Ra2+ 42. Nb2 Ra8 43. Nd1 Rgg8 44. Kb2 Ra6 45. Ne3 Rga8 46. Nc2 Ra2+
47. Kb1 R8a3 48. Rhd1 Ra8 1/2-1/2

[Event "17. European Women's Championship 2016"]
[Site "Mamaia ROU"]
[Date "2016.06.06"]
[Round "10.30"]
[White "Kiolbasa, Oliwia"]
[Black "Belenkaya, Dina"]
[Result "1/2-1/2"]
[WhiteElo "2319"]
[BlackElo "2289"]
[PlyCount "128"]
[EventDate "2016.05.27"]
[EventType "swiss"]
[EventRounds "11"]
[EventCountry "ROU"]
[Source "lmi"]
[SourceDate "2016.05.26"]

1. e4 c6 2. d4 d5 3. Nc3 dxe4 4. Nxe4 Bf5 5. Ng3 Bg6 6. Nh3 e6 7. Bc4 Bd6 8.
O-O Qc7 9. f4 Nf6 10. Kh1 O-O 11. c3 Nbd7 12. Qf3 Bf5 13. Ng5 c5 14. Bb3 c4 15.
Bd1 Bg4 16. Qf2 Bxd1 17. Rxd1 Nd5 18. Rf1 N7f6 19. Bd2 b5 20. Rae1 Rae8 21. Qf3
h6 22. N5e4 Nxe4 23. Nxe4 f5 24. Nxd6 Qxd6 25. Re5 a6 26. Qe2 Nf6 27. a4 Nd7
28. Re3 Qc6 29. axb5 axb5 30. Re1 Nf6 31. Rxe6 Rxe6 32. Qxe6+ Qxe6 33. Rxe6 Ne4
34. Be1 Ra8 35. Kg1 Ra1 36. Kf1 Rb1 37. g4 Rxb2 38. gxf5 Nf6 39. Re2 Rb1 40.
Re5 Ng4 41. Re2 Kf7 42. Kg2 Nf6 43. Re5 Rb3 44. Bh4 Rb2+ 45. Kf3 Rb3 46. Kg2
Nh5 47. d5 Nf6 48. d6 Rxc3 49. Bxf6 gxf6 50. Rxb5 Ke8 51. Rb7 Rd3 52. Rc7 c3
53. Kf2 h5 54. Ke2 Rh3 55. Kd1 h4 56. Kc2 Rf3 57. Rxc3 Rxf4 58. Rc7 Rxf5 59.
Kd3 Rd5+ 60. Ke4 Rxd6 61. Rh7 Kf8 62. Kf5 Ra6 63. Kg6 Ra4 64. Kxf6 Kg8 1/2-1/2

[Event "17. European Women's Championship 2016"]
[Site "Mamaia ROU"]
[Date "2016.06.06"]
[Round "10.31"]
[White "Dragomirescu, Angela"]
[Black "Mammadzada, Gunay"]
[Result "1/2-1/2"]
[WhiteElo "2215"]
[BlackElo "2318"]
[PlyCount "54"]
[EventDate "2016.05.27"]
[EventType "swiss"]
[EventRounds "11"]
[EventCountry "ROU"]
[Source "lmi"]
[SourceDate "2016.05.26"]

1. d4 d5 2. c4 c6 3. cxd5 cxd5 4. Bf4 Nc6 5. e3 Bf5 6. Nc3 Nf6 7. Qb3 Na5 8.
Qa4+ Bd7 9. Qc2 Rc8 10. Bd3 e6 11. Nf3 Bb4 12. O-O h6 13. h3 O-O 14. Rfc1 Qe7
15. Ne5 Rfd8 16. Qd1 Bxc3 17. bxc3 Be8 18. c4 dxc4 19. Nxc4 Nxc4 20. Bxc4 Bc6
21. Bf1 Qa3 22. Qd3 Qxd3 23. Bxd3 Be4 24. Bc4 Bd5 25. Bd3 Be4 26. Bc4 Bd5 27.
Bd3 Be4 1/2-1/2

[Event "17. European Women's Championship 2016"]
[Site "Mamaia ROU"]
[Date "2016.06.06"]
[Round "10.32"]
[White "Tomilova, Elena"]
[Black "Mamedjarova, Zeinab"]
[Result "1/2-1/2"]
[WhiteElo "2305"]
[BlackElo "2236"]
[PlyCount "157"]
[EventDate "2016.05.27"]
[EventType "swiss"]
[EventRounds "11"]
[EventCountry "ROU"]
[Source "lmi"]
[SourceDate "2016.05.26"]

1. e4 e5 2. Bc4 Nf6 3. d3 Nc6 4. Nc3 Na5 5. Qf3 Nxc4 6. dxc4 d6 7. h3 Be6 8. b3
c6 9. Bg5 h6 10. Bh4 Be7 11. Nge2 Qa5 12. Bxf6 gxf6 13. O-O O-O-O 14. Ng3 Rd7
15. Rfd1 h5 16. Rd3 a6 17. Rad1 Qa3 18. Nxh5 Rdd8 19. Nxf6 Rh6 20. Ng4 Rh4 21.
Ne3 Rf4 22. Qe2 Rg8 23. Nf1 Qa5 24. Qe3 Bh4 25. Ng3 Be7 26. Qa7 Kc7 27. Na4 Rh4
28. Nf5 Bxf5 29. exf5 e4 30. Rg3 Rhh8 31. Qe3 Qxf5 32. Rxg8 Rxg8 33. Rd4 d5 34.
cxd5 cxd5 35. c4 Qg6 36. g4 f5 37. Rxd5 fxg4 38. Qf4+ Kc6 39. h4 g3 40. fxg3
Qxg3+ 41. Qxg3 Rxg3+ 42. Kh2 Rd3 43. Rxd3 exd3 44. Nb2 d2 45. Kg3 Kc5 46. Kf3
Kd4 47. Ke2 Kc3 48. Nd1+ Kc2 49. h5 Bg5 50. b4 Bh6 51. c5 Bf8 52. Ne3+ Kc3 53.
Nd1+ Kxb4 54. Kxd2 Ka3 55. Nc3 Bxc5 56. h6 Bd4 57. Kc2 b5 58. h7 Bg7 59. Nd5 a5
60. Kb1 a4 61. Ne3 Kb4 62. Nf5 Bf6 63. Nd6 Bg7 64. Nf7 Ka3 65. Nd6 Kb4 66. Nf5
Bh8 67. Ne3 Bg7 68. Nd5+ Kc4 69. Ne3+ Kb4 70. Nf5 Bh8 71. Nd6 Bg7 72. Kc2 Ka3
73. Kb1 Kb4 74. Nf5 Bh8 75. Ne7 Bg7 76. Nc6+ Ka3 77. Na7 Kb4 78. Nc6+ Ka3 79.
Ne7 1/2-1/2

[Event "17. European Women's Championship 2016"]
[Site "Mamaia ROU"]
[Date "2016.06.06"]
[Round "10.33"]
[White "Pavlidou, Ekaterini"]
[Black "Pustovoitova, Daria"]
[Result "1-0"]
[WhiteElo "2209"]
[BlackElo "2304"]
[PlyCount "65"]
[EventDate "2016.05.27"]
[EventType "swiss"]
[EventRounds "11"]
[EventCountry "ROU"]
[Source "lmi"]
[SourceDate "2016.05.26"]

1. c4 e5 2. Nc3 Nf6 3. Nf3 Nc6 4. e3 Bb4 5. Qc2 Bxc3 6. bxc3 O-O 7. e4 d6 8. g3
h6 9. Bg2 Be6 10. d3 Nd7 11. Nh4 Ne7 12. f4 exf4 13. O-O fxg3 14. hxg3 Rb8 15.
Rb1 Ne5 16. Nf5 Qd7 17. d4 Nxc4 18. g4 c6 19. Qf2 f6 20. Qh4 Rf7 21. Rf2 d5 22.
Bxh6 Bxf5 23. gxf5 gxh6 24. Qg3+ Kh7 25. Qxb8 b5 26. exd5 Nxd5 27. Bxd5 Qxd5
28. Rg2 Re7 29. Qf8 Qf7 30. Qxf7+ Rxf7 31. Re1 Nd6 32. Re6 Nxf5 33. Rxc6 1-0

[Event "17. European Women's Championship 2016"]
[Site "Mamaia ROU"]
[Date "2016.06.06"]
[Round "10.34"]
[White "Zaksaite, Salomeja"]
[Black "Petrenko, Svetlana"]
[Result "1-0"]
[WhiteElo "2312"]
[BlackElo "2182"]
[PlyCount "105"]
[EventDate "2016.05.27"]
[EventType "swiss"]
[EventRounds "11"]
[EventCountry "ROU"]
[Source "lmi"]
[SourceDate "2016.05.26"]

1. e4 d6 2. d4 Nf6 3. Nc3 e5 4. Nf3 Nbd7 5. Bc4 Be7 6. O-O O-O 7. Re1 c6 8. a4
a5 9. Bf1 Re8 10. b3 Qc7 11. Ba3 Nf8 12. h3 Ng6 13. Qd2 Bd7 14. g3 Rac8 15. Re3
c5 16. dxc5 dxc5 17. Nb5 Qb6 18. Bb2 Bf8 19. Bc3 Ra8 20. Na3 Qc7 21. Nc4 b6 22.
Rd1 Bc6 23. Qe1 h6 24. Na3 Qb7 25. Nd2 Rad8 26. Bb5 Rd4 27. Bxc6 Qxc6 28. Kh2
Nh7 29. Nac4 Rdd8 30. Nf3 f6 31. Red3 Rd4 32. Bxd4 exd4 33. c3 Rxe4 34. Qf1
dxc3 35. Rxc3 f5 36. Qd3 Nf6 37. Ncd2 Ne5 38. Nxe5 Rxe5 39. Nc4 Rd5 40. Qf3 Ne4
41. Rxd5 Qxd5 42. Rd3 Qe6 43. Rd8 g6 44. Rb8 Qd5 45. Nxb6 Qd4 46. Kg2 Kf7 47.
Rb7+ Kg8 48. Qe3 Qd6 49. Qf4 Qd4 50. Rd7 Qb2 51. Nd5 Bg7 52. Ne7+ Kh7 53. Nxf5
1-0

[Event "17. European Women's Championship 2016"]
[Site "Mamaia ROU"]
[Date "2016.06.06"]
[Round "10.35"]
[White "Mikadze, Miranda"]
[Black "Mirzoeva, Elmira"]
[Result "0-1"]
[WhiteElo "2233"]
[BlackElo "2344"]
[PlyCount "74"]
[EventDate "2016.05.27"]
[EventType "swiss"]
[EventRounds "11"]
[EventCountry "ROU"]
[Source "lmi"]
[SourceDate "2016.05.26"]

1. d4 d6 2. e4 Nf6 3. Bd3 e5 4. Nf3 Nbd7 5. c3 Be7 6. O-O O-O 7. Re1 c6 8. Nbd2
Re8 9. Qb3 exd4 10. cxd4 d5 11. exd5 Nxd5 12. Nc4 Nf8 13. Bd2 Qc7 14. a3 Be6
15. Qc2 Rad8 16. Nce5 f6 17. Nc4 Bf7 18. Rad1 Nf4 19. Bf1 Bh5 20. Qb3 Kh8 21.
g3 N4e6 22. Qe3 Nxd4 23. Nxd4 Bc5 24. Qxe8 Rxe8 25. Rxe8 Bxe8 26. Bc3 Bf7 27.
b4 Be7 28. Nf5 Be6 29. Nxe7 Qxe7 30. Bd4 b6 31. Be3 Nd7 32. Nd6 Bd5 33. Bf4 g5
34. Nc8 Qe4 35. f3 Qxf3 36. Re1 Qh1+ 37. Kf2 Qxh2+ 0-1

[Event "17. European Women's Championship 2016"]
[Site "Mamaia ROU"]
[Date "2016.06.06"]
[Round "10.36"]
[White "Khalafova, Narmin"]
[Black "Rudolf, Anna"]
[Result "1-0"]
[WhiteElo "2193"]
[BlackElo "2301"]
[PlyCount "111"]
[EventDate "2016.05.27"]
[EventType "swiss"]
[EventRounds "11"]
[EventCountry "ROU"]
[Source "lmi"]
[SourceDate "2016.05.26"]

1. e4 e6 2. d4 d5 3. Nd2 c5 4. Ngf3 Nc6 5. exd5 exd5 6. Bb5 Qe7+ 7. Be2 Nf6 8.
O-O Qc7 9. dxc5 Bxc5 10. Nb3 Be7 11. h3 O-O 12. c3 Be6 13. Be3 Ne4 14. Nbd4 a6
15. Rc1 Ne5 16. Nxe6 fxe6 17. Nd4 Qd6 18. c4 Nxc4 19. Bxc4 dxc4 20. Rxc4 Nf6
21. Re1 Nd5 22. Nf3 Rac8 23. Rxc8 Rxc8 24. Bd4 Re8 25. g3 Bd8 26. Ne5 b5 27.
Ng4 Nb4 28. h4 Nc6 29. Nh6+ gxh6 30. Qg4+ Bg5 31. Bf6 Qd2 32. Rd1 Qxd1+ 33.
Qxd1 Bxf6 34. Qd7 Re7 35. Qxc6 Bxb2 36. Qxa6 Bd4 37. Kg2 e5 38. Qxb5 Rf7 39. f3
Kg7 40. a4 h5 41. Qc6 Rf6 42. Qe8 Rf7 43. a5 Ra7 44. Qxh5 h6 45. Qg4+ Kf6 46.
Qc8 Ke7 47. a6 h5 48. Kf1 Kd6 49. Ke2 Rc7 50. Qf8+ Ke6 51. Qe8+ Kd5 52. Qxh5
Rc2+ 53. Kd3 Rc3+ 54. Kd2 Rc6 55. Qf7+ Kc5 56. a7 1-0

[Event "17. European Women's Championship 2016"]
[Site "Mamaia ROU"]
[Date "2016.06.06"]
[Round "10.37"]
[White "Fataliyeva, Ulviyya"]
[Black "Zherebtsova, Alexandra"]
[Result "1/2-1/2"]
[WhiteElo "2301"]
[BlackElo "2200"]
[PlyCount "112"]
[EventDate "2016.05.27"]
[EventType "swiss"]
[EventRounds "11"]
[EventCountry "ROU"]
[Source "lmi"]
[SourceDate "2016.05.26"]

1. e4 e5 2. Nf3 Nc6 3. Nc3 Nf6 4. Bb5 Nd4 5. Nxd4 exd4 6. e5 dxc3 7. exf6 Qxf6
8. dxc3 Bc5 9. O-O O-O 10. Bd3 d6 11. Qe2 c6 12. b4 Bb6 13. Qe4 Qg6 14. Qf4 f5
15. c4 Qf6 16. Rb1 Bd4 17. Re1 Bd7 18. Bd2 Rae8 19. c5 Be5 20. Qf3 Be6 21. c4
dxc5 22. bxc5 Bc8 23. Qh5 Qg6 24. Qxg6 hxg6 25. Bg5 Kf7 26. Re3 Bd4 27. Rf3
Bxc5 28. h4 Kg8 29. g3 b6 30. Rd1 Be6 31. Bf1 Rf7 32. Rfd3 Be7 33. Bxe7 Rfxe7
34. Rd6 Rc7 35. a4 Kf7 36. Re1 Bd7 37. Red1 Be6 38. Re1 Ree7 39. f4 Re8 40. c5
Bb3 41. cxb6 axb6 42. Rb1 Bd5 43. Kf2 Ra8 44. Rb4 Re7 45. Bc4 Bxc4 46. Rxc4 b5
47. Rcxc6 bxa4 48. Ra6 Rxa6 49. Rxa6 Re4 50. Ra7+ Kg8 51. Ra8+ Kh7 52. Kf3 Rb4
53. Ke3 Rb3+ 54. Kf2 a3 55. Kg2 Rb2+ 56. Kf3 Rb3+ 1/2-1/2

[Event "17. European Women's Championship 2016"]
[Site "Mamaia ROU"]
[Date "2016.06.06"]
[Round "10.38"]
[White "Tsatsalashvili, Keti"]
[Black "Abdulla, Khayala"]
[Result "1/2-1/2"]
[WhiteElo "2278"]
[BlackElo "2209"]
[PlyCount "92"]
[EventDate "2016.05.27"]
[EventType "swiss"]
[EventRounds "11"]
[EventCountry "ROU"]
[Source "lmi"]
[SourceDate "2016.05.26"]

1. d4 Nf6 2. Nf3 e6 3. g3 d5 4. c4 Be7 5. Bg2 O-O 6. O-O dxc4 7. Na3 Bxa3 8.
bxa3 c6 9. a4 a6 10. Ba3 Re8 11. Ne5 Nd5 12. e4 Nb6 13. a5 f6 14. Ng4 N6d7 15.
Ne3 b5 16. axb6 Nxb6 17. Qc2 a5 18. Rfd1 Ba6 19. d5 Qc7 20. d6 Qf7 21. Bf1 Bb5
22. Rdc1 N8d7 23. f4 Qh5 24. Be2 Qg6 25. Nxc4 Nxc4 26. Bxc4 Qh5 27. Qf2 Rab8
28. Bf1 Bxf1 29. Qxf1 Qb5 30. Qc4 Qb6+ 31. Bc5 Nxc5 32. Qxc5 Qb2 33. Rd1 Qe2
34. Re1 Qd2 35. Red1 Qe2 36. Re1 Qd2 37. Rad1 Qxa2 38. d7 Red8 39. Qe7 h6 40.
Rb1 Rxb1 41. Qxd8+ Kh7 42. Rxb1 Qxb1+ 43. Kf2 Qc2+ 44. Ke3 Qc3+ 45. Ke2 Qc2+
46. Ke3 Qc3+ 1/2-1/2

[Event "17. European Women's Championship 2016"]
[Site "Mamaia ROU"]
[Date "2016.06.06"]
[Round "10.39"]
[White "Sandu, Mihaela"]
[Black "Utiatskaja, Irina"]
[Result "1/2-1/2"]
[WhiteElo "2246"]
[BlackElo "2181"]
[PlyCount "81"]
[EventDate "2016.05.27"]
[EventType "swiss"]
[EventRounds "11"]
[EventCountry "ROU"]
[Source "lmi"]
[SourceDate "2016.05.26"]

1. e4 c5 2. Nf3 d6 3. d4 cxd4 4. Nxd4 Nf6 5. Nc3 a6 6. Be2 e6 7. O-O Nbd7 8. a4
b6 9. f4 Bb7 10. Bf3 Qc7 11. Qe2 Rc8 12. Be3 h5 13. h3 e5 14. fxe5 dxe5 15. Nb3
Qc4 16. Qf2 Qe6 17. Nd5 Nxd5 18. exd5 Bxd5 19. Bxd5 Qxd5 20. Rad1 Qe6 21. Rde1
Bc5 22. Nxc5 bxc5 23. Rd1 O-O 24. Qf3 Nb6 25. b3 Qg6 26. a5 Na8 27. c4 Rc6 28.
Rd5 Nc7 29. Rxe5 Rf6 30. Qe2 Rxf1+ 31. Qxf1 Ne6 32. Bxc5 Nxc5 33. Rxc5 Re8 34.
Qf2 Qb1+ 35. Kh2 Re1 36. Rxh5 Rh1+ 37. Kg3 Qg6+ 38. Kh4 Qe4+ 39. Kg3 Qg6+ 40.
Kh4 Qe4+ 41. Kg3 1/2-1/2

[Event "17. European Women's Championship 2016"]
[Site "Mamaia ROU"]
[Date "2016.06.06"]
[Round "10.40"]
[White "Unuk, Laura"]
[Black "Narva, Mai"]
[Result "1-0"]
[WhiteElo "2246"]
[BlackElo "2121"]
[PlyCount "55"]
[EventDate "2016.05.27"]
[EventType "swiss"]
[EventRounds "11"]
[EventCountry "ROU"]
[Source "lmi"]
[SourceDate "2016.05.26"]

1. d4 Nf6 2. c4 e6 3. Nf3 d5 4. g3 Be7 5. Bg2 O-O 6. O-O dxc4 7. Qc2 b5 8. a4
b4 9. Ne5 Qxd4 10. Nxc4 Nd5 11. Be3 Qf6 12. Nbd2 Nd7 13. Be4 h6 14. Bh7+ Kh8
15. Ne4 Nxe3 16. fxe3 Qxf1+ 17. Rxf1 g6 18. Bxg6 fxg6 19. Rxf8+ Bxf8 20. Na5 c5
21. Nd2 Kh7 22. Qe4 Nb6 23. Ndc4 Nd5 24. Ne5 Bg7 25. Qxg6+ Kg8 26. e4 Nf6 27.
Nac6 Kh8 28. Ne7 1-0

[Event "17. European Women's Championship 2016"]
[Site "Mamaia ROU"]
[Date "2016.06.06"]
[Round "10.41"]
[White "Balaian, Alina"]
[Black "Gvetadze, Sofio"]
[Result "1-0"]
[WhiteElo "2230"]
[BlackElo "2311"]
[PlyCount "158"]
[EventDate "2016.05.27"]
[EventType "swiss"]
[EventRounds "11"]
[EventCountry "ROU"]
[Source "lmi"]
[SourceDate "2016.05.26"]

1. e4 g6 2. d4 Bg7 3. Nc3 d6 4. f4 c6 5. Nf3 Nf6 6. Bd3 O-O 7. O-O b5 8. e5 Ng4
9. h3 Nh6 10. Be3 f6 11. Qe1 Na6 12. a3 Nc7 13. Rd1 a5 14. Bf2 b4 15. axb4 axb4
16. Ne2 Nd5 17. c4 bxc3 18. bxc3 fxe5 19. fxe5 Rxf3 20. gxf3 Bxh3 21. c4 Bxf1
22. Kxf1 Nc7 23. Nf4 d5 24. Qd2 Qd7 25. Kg2 Ne6 26. Nxe6 Qxe6 27. c5 Rf8 28.
Qg5 Qf7 29. Qg3 Nf5 30. Qh3 Ra8 31. Rd2 h6 32. Rb2 Kh7 33. Rb6 Qe6 34. Qh1 Ra2
35. Bxf5 gxf5 36. Qh5 Ra8 37. Be3 Rc8 38. Rb7 Rg8 39. Kf2 Bf8 40. Rc7 Qg6 41.
Qxg6+ Rxg6 42. Bf4 Re6 43. Bg3 Kg6 44. Ke3 h5 45. Bh4 Bh6+ 46. f4 Kf7 47. Bg5
Bf8 48. Kf3 Rg6 49. Kg3 Re6 50. Kh4 Kg6 51. Rb7 Kf7 52. Kxh5 Ke8 53. Rb8+ Kf7
54. Rc8 Bg7 55. Rd8 Bf8 56. Kh4 Rg6 57. Rc8 Re6 58. Kg3 Rg6 59. Rc7 Re6 60. Kf3
Ke8 61. Rb7 Kf7 62. Ke3 Bg7 63. Rb1 Rg6 64. Rh1 Ke6 65. Kd3 Kd7 66. Kc3 Bf8 67.
Rh8 Ke8 68. Kb4 Kf7 69. Ka5 Ke8 70. Kb6 Kf7 71. Kc7 Ke8 72. Kc8 Re6 73. Rh7 Rg6
74. Kc7 Re6 75. Rh1 Rg6 76. Rh5 Bg7 77. Bh4 Bh6 78. Rxf5 Rg4 79. Rh5 Bxf4 1-0

[Event "17. European Women's Championship 2016"]
[Site "Mamaia ROU"]
[Date "2016.06.06"]
[Round "10.42"]
[White "Salimova, Nurgyul"]
[Black "Galojan, Lilit"]
[Result "0-1"]
[WhiteElo "2160"]
[BlackElo "2296"]
[PlyCount "116"]
[EventDate "2016.05.27"]
[EventType "swiss"]
[EventRounds "11"]
[EventCountry "ROU"]
[Source "lmi"]
[SourceDate "2016.05.26"]

1. d4 Nf6 2. c4 e6 3. Nf3 c5 4. d5 b5 5. dxe6 fxe6 6. cxb5 d5 7. Bg5 Bd6 8. Nc3
Bb7 9. e3 O-O 10. Be2 Nbd7 11. O-O Qe7 12. a4 Rad8 13. Qb3 Kh8 14. Rad1 Bc7 15.
Bh4 Qf7 16. Bg3 e5 17. Qc2 g6 18. Ng5 Qe7 19. Bf3 Nb6 20. a5 Nc8 21. a6 Ba8 22.
Na4 Bd6 23. h4 Nb6 24. Nxb6 axb6 25. b3 Kg7 26. Rfe1 h6 27. Nh3 Qe6 28. Qb2 Rf7
29. e4 d4 30. Qc2 Kh7 31. Qc4 Qe7 32. Kh2 Rh8 33. Kg1 Kg7 34. Qc1 Qd7 35. Qc4
Kf8 36. Rc1 Ke7 37. Qd3 Rfh7 38. Kf1 Ne8 39. Qe2 Nc7 40. h5 g5 41. b4 Rb8 42.
a7 Rb7 43. bxc5 bxc5 44. Qa2 Rh8 45. Be2 Nxb5 46. Qa5 Rc8 47. Bc4 Nxa7 48. Ba6
Nc6 49. Qd2 Qe6 50. Bxb7 Bxb7 51. Ng1 c4 52. Rb1 Ba6 53. Ne2 c3 54. Qd1 Qc4 55.
Qb3 Qxb3 56. Rxb3 d3 57. Rxc3 dxe2+ 58. Rxe2 Rb8 0-1

[Event "17. European Women's Championship 2016"]
[Site "Mamaia ROU"]
[Date "2016.06.06"]
[Round "10.43"]
[White "Stetsko, Lanita"]
[Black "Sedina, Elena"]
[Result "1/2-1/2"]
[WhiteElo "2220"]
[BlackElo "2287"]
[PlyCount "58"]
[EventDate "2016.05.27"]
[EventType "swiss"]
[EventRounds "11"]
[EventCountry "ROU"]
[Source "lmi"]
[SourceDate "2016.05.26"]

1. e4 e6 2. d4 d5 3. Nc3 Bb4 4. e5 Ne7 5. a3 Bxc3+ 6. bxc3 c5 7. h4 Qc7 8. Nf3
Bd7 9. h5 h6 10. a4 Nbc6 11. Ba3 b6 12. Rh4 O-O 13. Rg4 f6 14. Qd2 Kh8 15. dxc5
fxe5 16. cxb6 axb6 17. Bb5 Rf5 18. Qe3 Rxh5 19. Bxe7 Nxe7 20. Bxd7 Nf5 21. Qxe5
Rh1+ 22. Kd2 Qxe5 23. Nxe5 Rxa1 24. Ng6+ Kh7 25. Bxe6 Nd6 26. Bxd5 R1xa4 27.
Rxa4 Rxa4 28. Nf8+ Kh8 29. Ng6+ Kh7 1/2-1/2

[Event "17. European Women's Championship 2016"]
[Site "Mamaia ROU"]
[Date "2016.06.06"]
[Round "10.44"]
[White "Rogozenco, Teodora"]
[Black "Rodshtein, Tereza"]
[Result "1-0"]
[WhiteElo "2104"]
[BlackElo "2263"]
[PlyCount "53"]
[EventDate "2016.05.27"]
[EventType "swiss"]
[EventRounds "11"]
[EventCountry "ROU"]
[Source "lmi"]
[SourceDate "2016.05.26"]

1. d4 d5 2. c4 e6 3. Nc3 c6 4. e3 Nf6 5. Nf3 Nbd7 6. b3 Bb4 7. Bd2 O-O 8. Bd3
Qe7 9. O-O e5 10. dxe5 Nxe5 11. Nxe5 Qxe5 12. cxd5 Bxc3 13. f4 Qe8 14. Bxc3
Qxe3+ 15. Kh1 Bg4 16. Qc2 cxd5 17. Bxf6 gxf6 18. Bxh7+ Kg7 19. Rae1 Qd4 20. Re7
Bh5 21. g4 Rfc8 22. Qf5 Kf8 23. Rd7 Qe4+ 24. Qxe4 dxe4 25. gxh5 Rc5 26. Rg1 Ke8
27. Rxb7 1-0

[Event "17. European Women's Championship 2016"]
[Site "Mamaia ROU"]
[Date "2016.06.06"]
[Round "10.45"]
[White "Doluhanova, Evgeniya"]
[Black "Makropoulou, Marina"]
[Result "1-0"]
[WhiteElo "2262"]
[BlackElo "2143"]
[PlyCount "61"]
[EventDate "2016.05.27"]
[EventType "swiss"]
[EventRounds "11"]
[EventCountry "ROU"]
[Source "lmi"]
[SourceDate "2016.05.26"]

1. e4 c5 2. Nf3 e6 3. d4 cxd4 4. Nxd4 Nc6 5. Nc3 Qc7 6. Be3 a6 7. Be2 Nf6 8.
O-O Be7 9. Kh1 d6 10. f4 O-O 11. Qe1 Bd7 12. Qg3 Nxd4 13. Bxd4 Bc6 14. Bd3 g6
15. f5 e5 16. Be3 b5 17. Bh6 Rfe8 18. Rae1 Qd8 19. Re3 Nh5 20. Qg4 Nf4 21. Nd5
Bxd5 22. exd5 Nxd3 23. Rxd3 Bf6 24. fxg6 fxg6 25. Rdf3 Bg7 26. Bxg7 Kxg7 27.
Rf7+ Kg8 28. Rxh7 Kxh7 29. Rf7+ Kh6 30. Qh3+ Kg5 31. Qe3+ 1-0